|
|
|
|
| LEADER |
02154nam a22003853i 4500 |
| 001 |
EBC6955942 |
| 003 |
MiAaPQ |
| 005 |
20231204023223.0 |
| 006 |
m o d | |
| 007 |
cr cnu|||||||| |
| 008 |
231204s2017 xx o ||||0 ger d |
| 020 |
|
|
|a 9783839437087
|q (electronic bk.)
|
| 020 |
|
|
|z 9783837637083
|
| 035 |
|
|
|a (MiAaPQ)EBC6955942
|
| 035 |
|
|
|a (Au-PeEL)EBL6955942
|
| 035 |
|
|
|a (OCoLC)1011439597
|
| 040 |
|
|
|a MiAaPQ
|b eng
|e rda
|e pn
|c MiAaPQ
|d MiAaPQ
|
| 100 |
1 |
|
|a Rogge, Jörg.
|
| 245 |
1 |
0 |
|a Kriegserfahrungen erzählen :
|b Geschichts- und literaturwissenschaftliche Perspektiven.
|
| 250 |
|
|
|a 1st ed.
|
| 264 |
|
1 |
|a Bielefeld :
|b transcript,
|c 2017.
|
| 264 |
|
4 |
|c {copy}2017.
|
| 300 |
|
|
|a 1 online resource (163 pages)
|
| 336 |
|
|
|a text
|b txt
|2 rdacontent
|
| 337 |
|
|
|a computer
|b c
|2 rdamedia
|
| 338 |
|
|
|a online resource
|b cr
|2 rdacarrier
|
| 490 |
1 |
|
|a Mainzer Historische Kulturwissenschaften
|
| 505 |
0 |
|
|a Cover -- Inhalt -- Vorwort -- Kriegserfahrungen erzählen - Einleitung -- Krieg der Ritter - Erzählmuster des Heroischen bei Jean Froissart -- Arthurische Archivierung: Die Objektivierung subjektiver Kriegserfahrungen in Sir Thomas Malorys Le Morte Darthur -- Kämpfer als Schreiber. Bemerkungen zur Erzählung von Kampferfahrung und Verwundung ind eutschen Selbstzeugnissen des späten Mittelalters -- „Sauberer Krieg" oder Katastrophe. Der Sacco di Mantova (1630) in zeitgenössischen Darstellungen -- „Beichtsweiß erzehlen". Krieg und Bekenntnis in Grimmelshausens Courasche -- Autoren.
|
| 588 |
|
|
|a Description based on publisher supplied metadata and other sources.
|
| 590 |
|
|
|a Electronic reproduction. Ann Arbor, Michigan : ProQuest Ebook Central, 2023. Available via World Wide Web. Access may be limited to ProQuest Ebook Central affiliated libraries.
|
| 655 |
|
4 |
|a Electronic books.
|
| 776 |
0 |
8 |
|i Print version:
|a Rogge, Jörg
|t Kriegserfahrungen erzählen
|d Bielefeld : transcript,c2017
|z 9783837637083
|
| 797 |
2 |
|
|a ProQuest (Firm)
|
| 830 |
|
0 |
|a Mainzer Historische Kulturwissenschaften
|
| 856 |
4 |
0 |
|u https://ebookcentral.proquest.com/lib/matrademy/detail.action?docID=6955942
|z Click to View
|